| 000 | 00512nam a2200169 i 4500 | ||
|---|---|---|---|
| 001 | 52219 | ||
| 003 | ES-MaACL | ||
| 005 | 20231211202553.0 | ||
| 007 | t| | ||
| 008 | 030826s1967 sp ||||1| spa d | ||
| 100 | 1 |
_aChueca Goitia, Fernando, _d1911-2004 _938688 |
|
| 245 | 1 | 0 |
_aEnsayos críticos sobre arquitectura / _cFernando Chueca Goitia. |
| 260 |
_aBarcelona : _bE.D.H.A.S.A., _c[1967] |
||
| 300 |
_a278 p., 7 lám. ; _c20 cm. |
||
| 852 |
_aES-MaACL _jC-33540 _bR.63805 |
||
| 999 |
_c52219 _d52219 |
||